Valuable content marketing : why quality content is key business success /

Bibliographic Details
Main Author: Jefferson, Sonja
Corporate Author: ebrary, Inc
Other Authors: Tanton, Sharon
Format: eBook
Language:English
Published: London ; Philadelphia : Kogan Page, [2013]
Subjects:
Online Access:Connect to the full text of this electronic book

MARC

Tag First Indicator Second Indicator Subfields
LEADER 00000cam a2200000Ia 4500
001 in00002814031
006 m o d
007 cr cn|||||||||
008 120517s2013 enka ob 001 0 eng d
005 20250816204552.7
010 |z  2012020101 
020 |z 9780749465803 
020 |z 9780749465810 (ebook) 
035 |a (CaPaEBR)ebr10638812 
040 |a CaPaEBR  |c CaPaEBR  |d UtOrBLW 
050 1 4 |a HF5415  |b .J42 2013eb 
100 1 |a Jefferson, Sonja. 
245 1 0 |a Valuable content marketing :  |b why quality content is key business success /  |c Sonja Jefferson, Sharon Tanton. 
264 1 |a London ;  |a Philadelphia :  |b Kogan Page,  |c [2013] 
264 4 |c ©2013 
300 |a 1 online resource (xii, 236 pages) :  |b illustrations 
336 |a text  |b txt  |2 rdacontent 
337 |a computer  |b c  |2 rdamedia 
338 |a online resource  |b cr  |2 rdacarrier 
504 |a Includes bibliographical references and index. 
500 |a Electronic resource. 
650 0 |a Customer relations. 
650 0 |a Internet marketing. 
650 0 |a Marketing. 
655 7 |a Electronic books.  |2 local 
700 1 |a Tanton, Sharon. 
710 2 |a ebrary, Inc. 
856 4 0 |u https://ebookcentral.proquest.com/lib/tamucs/detail.action?docID=939381  |y Connect to the full text of this electronic book  |t 0 
980 |a 130219  |b 29.99  |c USD  |e 44.99  |f YBP_EBR0000053759  |g 1 
999 f f |s 363935d2-0472-3a51-9332-ac87455244a6  |i 78d9badf-0a72-39ac-9de3-551c7acdbcfa  |t 0 
999 |a MARS 
952 f f |a Texas A&M University  |b College Station  |c Electronic Resources  |d Available Online  |t 0  |e HF5415 .J42 2013eb  |h Library of Congress classification 
998 f f |a HF5415 .J42 2013eb  |t 0  |l Available Online